000 00426nam a2200181Ia 4500
008 180207s9999 xx 000 0 und d
020 _a9780717298464
050 _bB534 2005
100 _aBerry, Joy.
245 _aParents guide /
245 _cJoy Berry.
260 _aNew York :
260 _bScholastic,
260 _c2005
300 _aunpaged :
300 _bcolor illustration ;
440 _aHelp me be good!
999 _c355112
_d355112